00778nam a2200229Ia 4500003000900000008004100009020001800050040001600068080002200084100002700106245010200133260004200235300001600277650001500293650004100308650001200349700002900361700002600390942000700416999001500423952011000438IN-BaIIA211028s9999 xx 000 0 eng d a90-277-1037-6 cIIA Library a082.2:52bIAU-S89 aTengstrom, Erik911178 0aRefractional influences in astrometry and geodesycErik Tengstrom, G Teleki andĀ Ingegerd Ohlsson aDordrechtbD. Reidel Publishingc1979 axxiv, 394p. aAstrometry aAstronomy and Astrophysics Thesaurus aGeodesy aOhlsson Ingegerd 911179 aTeleki, George911180 cBK c6530d6530 00104070aBANbBANcGENd1980-08-06l0o082.2:52/ IAU-S89p7263r2021-11-05w1980-08-06yBKGDFL 95.00/